000
00304nam a22001097a 4500
082
_a
297 NAD'M
100
_a
NADVI, ABUL HASAN ALI SYED
_9
74825
245
_a
MUSLIM MUMALIK MIAN ISLAMIAT AND MUGHRABIET KEY KASH MAKSH
260
_a
KARACHI
_b
MAJLESS MASHRIAT-I-ISLAM
_c
1981
300
_a
344P
942
_c
BK
999
_c
581193
_d
581193